| 000 | 00584nam a2200169Ia 4500 | ||
|---|---|---|---|
| 008 | 140529s9999 xx 000 0 und d | ||
| 020 | _a9780323071925 | ||
| 050 |
_aR 895 _b.N815 2012 |
||
| 245 |
_aNuclear medicine and PET/CT : _btechnology and techniques / _c[edited by] Paul E. Christian, Kristen M. Waterstram-Rich |
||
| 250 | _a7th ed. | ||
| 260 |
_aSt. Louis, Mo. : _bElsevier/Mosby, _cc2012. |
||
| 300 |
_a736 p. : _bill. (some col.) ; _c29 cm. |
||
| 500 | _aIncludes bibliographical references, glossary and index. | ||
| 521 | _aGE | ||
| 942 |
_kFOR _cBK |
||
| 999 |
_c117617 _d117617 |
||